Gaming Quiz

Random Gaming or Console Quiz

Animated Arcade Trivia Quiz Stats

 Plays Quiz Updated May 12, 2018

Score 0/16 Timer 04:00
0 Plays Today
% Correct
Mario
94.7%
Cherry, Strawberry, etc.
93.3%
Pong
89.3%
Michael Jordan
82.9%
Maggie
81.1%
Space Invaders
78.8%
'Finish Him!'
73.2%
Atari
72%
% Correct
Russia
71.9%
Asteroids
69.7%
Wreck-it Ralph
66.8%
Bebop, Rocksteady, etc.
62.8%
Ryu, Ken, etc.
62.1%
Formula One
52.9%
Seinfeld
49%
Galaga
39.6%

You're not logged in!

Compare scores with friends on all Sporcle quizzes.
Join for Free
OR
Log In

You Might Also Like...

Show Comments

Extras

Top Quizzes Today


Score Distribution

Your Account Isn't Verified!

In order to create a playlist on Sporcle, you need to verify the email address you used during registration. Go to your Sporcle Settings to finish the process.

Report this User

Report this user for behavior that violates our Community Guidelines.

Details: